Statistics for NFL 1,000 Yard Rushers 1977

Click here to take the quiz!

General Stats

  • This quiz has been taken 11 times
  • The average score is 4 of 9

Answer Stats

HintAnswer% Correct
1852 YdsWalter Payton
91%
1162 YdsFranco Harris
73%
1007 YdsTony Dorsett
73%
1112 YdsChuck Foreman
55%
1273 YdsMark van Eeghen
36%
1086 YdsGreg Pruitt
27%
1159 YdsLydell Mitchell
27%
1238 YdsLawrence McCutcheon
18%
1015 YdsSam Cunningham
18%

Score Distribution

Percentile by Number Answered

Percent of People with Each Score

Your Score History

You have not taken this quiz